Creando condiciones para la equidad: conceptos básicos /
El documento presenta el propósito supremo de fortalecer la democracia, desarrolla la Asociación en beneficio de las personas que han asumido algún tipo de liderazgo y responsabilidad y responsabilidad en el proceso permanente de consolidar las instituciones que conforman el sistema democrático.
محفوظ في:
| مؤلفون مشاركون: | , |
|---|---|
| التنسيق: | نص |
| اللغة: | Spanish |
| منشور في: |
San José:
Asociación de Estudios Ideológicos. ASEI
2003
|
| الموضوعات: | |
| الوسوم: |
إضافة وسم
لا توجد وسوم, كن أول من يضع وسما على هذه التسجيلة!
|
MARC
| LEADER | 00000 a a2200000 04500 | ||
|---|---|---|---|
| 001 | 37713 | ||
| 003 | cru CIDCACS/IIS | ||
| 005 | 20230626102240.0 | ||
| 008 | 230626e2003 cr ||||| |||| 00| 0 spa d | ||
| 040 | |c CRAI/IIS | ||
| 090 | |a 04.02.03 A837c | ||
| 110 | |a Vanegas Aviles, Luz Marina | ||
| 245 | |a Creando condiciones para la equidad: conceptos básicos / |c Luz Marina Vanegas Aviles | ||
| 260 | |a San José: |b Asociación de Estudios Ideológicos. ASEI |c 2003 | ||
| 300 | |a 31 páginas |b il. | ||
| 520 | |a El documento presenta el propósito supremo de fortalecer la democracia, desarrolla la Asociación en beneficio de las personas que han asumido algún tipo de liderazgo y responsabilidad y responsabilidad en el proceso permanente de consolidar las instituciones que conforman el sistema democrático. | ||
| 650 | |a SEXO | ||
| 650 | |a RELACIONES DE GENERO | ||
| 650 | |a IDENTIDAD CULTURAL | ||
| 650 | |a DESARROLLO HUMANO | ||
| 650 | |a AUTODESARROLLO | ||
| 650 | |a DESIGUALDAD SOCIAL | ||
| 650 | |a DISCRIMINACION | ||
| 650 | |a CLASES | ||
| 650 | |a COSTA RICA | ||
| 710 | |a Donato Monge, Xenia | ||
| 942 | |2 ddc |c LI |h 04.02.03 A837c |i 03150 |6 040203_A837C_03150 | ||
| 999 | |c 14815 |d 14815 | ||
